LEADER 01903ojm 2200265z- 450 001 9910136216503321 005 20251118110645.0 010 $a1-5159-2756-3 035 $a(CKB)3710000000915996 035 $a(BIP)060405636 035 $a(ODN)ODN0003026581 035 $a(EXLCZ)993710000000915996 100 $a20231107c2016uuuu -u- - 101 0 $aeng 200 10$aSaint-Germain-des-Pres : Paris's Rebel Quarter 210 $cTantor Audio 330 8 $aFor many years, Saint-Germain-des-Pres has been a stronghold of sans culottes, a refuge to artists, a paradise for bohemians. It's where Marat printed L'Ami du Peuple and Thomas Paine wrote The Rights of Man. Napoleon, Hemingway, and Sartre have all called it home. Descartes is buried there. Now bestselling author and Paris expert John Baxter takes listeners on a narrative tour of Saint-Germain-des-Pres, which is also where Baxter makes his home.Tucked along the shores of the Left Bank, Saint-Germain-des-Pres embodies so much of what makes Paris special. Its cobblestone streets and ancient facades survive to this day, spared from modernization thanks to a quirk in their construction. Traditionally cheap rents attracted outsiders and political dissidents from the days of Robespierre to the student revolts of the 1960s. And its intellectual pedigree boasts such luminaries as Pablo Picasso, Arthur Rimbaud, F. Scott Fitzgerald, Simone de Beauvoir, Gertrude Stein, and Albert Camus.Part-history, part-guidebook, Saint-Germain-des-Pres is a fresh look at one of the City of Light's most iconic quarters, and a delight for new tourists and Paris veterans alike. 517 $aSaint-Germain-des-Pres 676 $a944/.361 700 $aBaxter$b John$f1939-$0291992 702 $aHalstead$b Graham$4nrt 906 $aAUDIO 912 $a9910136216503321 996 $aSaint-Germain-des-Pres : Paris's Rebel Quarter$93594664 997 $aUNINA